Kỹ thuật bảo vệ môi trường

Bài giảng trình bày khái quát về môi trường và các giải pháp bảo vệ môi trường, đặc tính của nước thải, phân loại các phương pháp xử lý nước thải,... và xử lý chất thải rắn.

Сохранить в:
Библиографические подробности
Главный автор: Lê, Hoàng Việt
Формат:
Язык:Undetermined
Опубликовано: Cần Thơ Đại học Cần Thơ 2001
Предметы:
Метки: Добавить метку
Нет меток, Требуется 1-ая метка записи!
Thư viện lưu trữ: Trung tâm Học liệu Trường Đại học Cần Thơ
LEADER 00862nam a2200193Ia 4500
001 CTU_143182
008 210402s9999 xx 000 0 und d
082 |a 363.7 
082 |b V308 
100 |a Lê, Hoàng Việt 
245 0 |a Kỹ thuật bảo vệ môi trường 
245 0 |c Lê Hoàng Việt 
260 |a Cần Thơ 
260 |b Đại học Cần Thơ 
260 |c 2001 
520 |a Bài giảng trình bày khái quát về môi trường và các giải pháp bảo vệ môi trường, đặc tính của nước thải, phân loại các phương pháp xử lý nước thải,... và xử lý chất thải rắn. 
650 |a Environmental protection,Bảo vệ môi trường 
904 |i Trọng Hải 
980 |a Trung tâm Học liệu Trường Đại học Cần Thơ